Bist du in den 2000ern geboren? - Statistiken

Allgemein
  • Dieses Quiz wurde 65 mal gespielt
    64 seit der letzten Aktualisierung
  • Das Durchschnittsergebnis liegt bei 15 aus 40
Antwortstatistiken
Bildquiz Antwort % Korrekt
Weihnachtsmann & Co. KG
88%
Flutschfinger
81%
Lotti Karotti
81%
Freundebuch
73%
Beyblade
66%
Art Attack
64%
Scout Schulranzen
61%
In einem Land vor unserer Zeit
59%
SimsalaGrimm
58%
Tempo, kleine Schnecke!
56%
Furby
54%
Kleiner Roter Traktor
49%
Paula Pudding
44%
Beutolomäus
42%
Checker Can
42%
Kika Baumhaus
42%
SOS Affenalarm
42%
Bügelperlen
41%
Cup Song
39%
PEZ Spender
37%
Wo ist Walter?
37%
Loom Bands
36%
Polly Pocket
36%
Möhrenziehen
34%
Zoés Zauberschrank
31%
Ice Watch
29%
Kassettenrekorder
27%
Monsterbacke
27%
Trolli Burger
25%
Filly Pferd
22%
Gummi Twist
19%
Arthur und die Minimoys
15%
Flic’n’lic
14%
Pipi Max
8%
Pferdeleine
7%
Flex und Flo
5%
Vtech Kiddy-Zoom
5%
Familie Hauser
2%
Silky
2%
Play-Doh Dr. Wackelzahn
0%
Keine übereinstimmenden Quizze gefunden
Verteilung der Resultate
Anzahl Personen mit jedem Resultat
Perzentil nach korrekt beantworteten Fragen
Ihre Resultats-Entwicklung
Sie haben dieses Quiz seit der letzten Aktualisierung nicht gespielt